Ganesh Shankar Vidyarthi. (Record no. 709881)

MARC details
000 -LEADER
fixed length control field 00777nam a2200241Ia 4500
003 - CONTROL NUMBER IDENTIFIER
control field OSt
005 - DATE AND TIME OF LATEST TRANSACTION
control field 20250523100254.0
008 - FIXED-LENGTH DATA ELEMENTS--GENERAL INFORMATION
fixed length control field 220927b |||||||| |||| 00| 0 hin d
020 ## - INTERNATIONAL STANDARD BOOK NUMBER
International Standard Book Number 9788173158605
037 ## - SOURCE OF ACQUISITION
Terms of availability Textual
040 ## - CATALOGING SOURCE
Original cataloging agency SDCL
Transcribing agency SDCL
Language of cataloging hin
041 ## - LANGUAGE CODE
Source of code hin
Language code of text/sound track or separate title hin
084 ## - COLON CLASSIFICATION NUMBER
Classification number 4wM90 Q0
100 ## - MAIN ENTRY--PERSONAL NAME
Personal name Salil, Suresh
9 (RLIN) 810345
245 #0 - TITLE STATEMENT
Title Ganesh Shankar Vidyarthi.
246 ## - VARYING FORM OF TITLE
Title proper/short title गणेश शंकर विद्यार्थी
260 ## - PUBLICATION, DISTRIBUTION, ETC.
Place of publication, distribution, etc. New Delhi :
Name of publisher, distributor, etc. Prabhat Prakashan,
Date of publication, distribution, etc. 2010.
300 ## - PHYSICAL DESCRIPTION
Extent 117p.
490 ## - SERIES STATEMENT
Series statement Patrakarita ke yug nirmata (पत्रकारिता के युग निर्माता )
650 ## - SUBJECT ADDED ENTRY--TOPICAL TERM
Topical term or geographic name entry element Hindi
9 (RLIN) 391598
942 ## - ADDED ENTRY ELEMENTS (KOHA)
Koha item type Textual
Source of classification or shelving scheme Colon Classification (CC)
Suppress in OPAC No
Holdings
Withdrawn status Lost status Damaged status Not for loan Home library Current library Date acquired Source of acquisition Cost, normal purchase price Total Checkouts Full call number Barcode Date last seen Cost, replacement price Price effective from Koha item type
        South Campus Library South Campus Library 2022-09-28 1330, 30/11/2010, Kiran Book Service 150.00   4wM90 Q0 SC1466197 2022-09-28 150.00 2022-09-28 Textual
Copyright @ Delhi University Library System